000 01431nam2a2200289 4500
001 RU\NLR\BIBL_A\012479437
005 20210520095259.0
010 _a978-5-0051-06206-9
021 _aRU
_bКН-П-20-070858
_9КН-П-20-5321
035 _a(NLR Aleph) 012479437
090 _a12122687
_c12122687
100 _a20210319d2020 u y0rusy50 ca
101 0 _arus
102 _aRU
105 _ay|||z|||010zb
200 0 _aТ. 2
210 _d2020
215 _a377, [3] с.
_d20
461 0 _1001RU\NLR\BIBL_A\012405234
_12001#$aЖизнь и Смерть Владимира Ульянова-Ленина$e[роман-исследование]$fНиколай Семёнов-Мерьский$vТ. 2
_1700#1$aСемёнов-Мерьский$bН. С.$gНиколай Степанович$3RU\NLR\AUTH\770223903
_911746216
_aСемёнов-Мерьский, Н. С.
_c[Б. м.]
_d2020
_fНиколай Семёнов-Мерьский
_nИздательские решения
_o[роман-исследование]
_tЖизнь и Смерть Владимира Ульянова-Ленина
_y97855005106353
_vТ. 2
606 1 _aГражданская война и военная интервенция в России
_z1918 - 1920
_92212606
_3RU\NLR\AUTH\661329092
686 1 _aТ3(2)712,02
686 1 _aЦ35(2)712,02
942 _cBOOK
980 _aNBR
980 _aNB